[Event "IND-ch U11 Girls 30th"]
[Site "India"]
[Date "2016.07.05"]
[Round "10"]
[White "Shah, Kritee"]
[Black "Ayantika, Das"]
[Result "0-1"]
[WhiteElo "1160"]
[BlackElo "1453"]
[PlyCount "116"]
[EventDate "2016.06.28"]
[EventType "swiss"]
[EventRounds "11"]
[EventCountry "IND"]
[SourceTitle "CBM 173 Extra"]
[Source "ChessBase"]
[SourceDate "2016.08.29"]
[SourceVersion "1"]
[SourceVersionDate "2016.08.29"]
[SourceQuality "1"]

1. d4 Nf6 2. Nc3 d5 3. Bf4 c5 4. e3 e6 5. Nf3 a6 6. a3 Nc6 7. Be2 Be7 8. dxc5 Bxc5 9. 0-0 0-0 10. Na4 Ba7 11. Nd4 Bd7 12. Nc3 Nxd4 13. exd4 Qb6 14. Be5 Qxb2 15. Bxf6 Qxc3 16. Bd3 g6 17. Qg4 Bb6 18. Rab1 Bd8 19. Rb3 Qc6 20. Bxd8 Raxd8 21. Qf4 Kg7 22. Rfb1 b5 23. Qd2 Qd6 24. Re1 Rfe8 25. f4 f6 26. Qe3 Rc8 27. c3 Rc7 28. g3 Rb8 29. Bb1 a5 30. Qd2 Rcb7 31. Bd3 b4 32. Reb1 bxc3 33. Qxc3 Rxb3 34. Rxb3 Rxb3 35. Qxb3 Qc7 36. Qb2 Kf7 37. Kf2 Qa7 38. Ke2 Bc8 39. Kf3 Ba6 40. Bc2 Bc4 41. Qc3 Qb6 42. g4 Qc7 43. Qb2 g5 44. fxg5 fxg5 45. Qc1 Qxh2 46. Bd1 Qh3+ 47. Kf2 Qh4+ 48. Kf3 h5 49. gxh5 g4+ 50. Ke3 Qg5+ 51. Kf2 Qxc1 52. h6 Qxd1 53. h7 Qf3+ 54. Kg1 Qg3+ 55. Kh1 Qh3+ 56. Kg1 g3 57. h8N+ Qxh8 58. a4 Qh2# 0-1

[Event "IND-ch U11 Girls 30th"]
[Site "India"]
[Date "2016.07.04"]
[Round "9"]
[White "Ayantika, Das"]
[Black "Choudki, Khushi"]
[Result "1-0"]
[WhiteElo "1453"]
[BlackElo "1120"]
[PlyCount "63"]
[EventDate "2016.06.28"]
[EventType "swiss"]
[EventRounds "11"]
[EventCountry "IND"]
[SourceTitle "CBM 173 Extra"]
[Source "ChessBase"]
[SourceDate "2016.08.29"]
[SourceVersion "1"]
[SourceVersionDate "2016.08.29"]
[SourceQuality "1"]

1. e4 c5 2. Nc3 d6 3. f4 e6 4. Nf3 Nc6 5. Bb5 Bd7 6. Bxc6 Bxc6 7. 0-0 Ne7 8. Kh1 Qd7 9. d3 g6 10. Qe1 Bg7 11. Bd2 0-0 12. Qh4 f5 13. Rae1 h6 14. Qg3 Qe8 15. Rf2 Qf7 16. Nd1 fxe4 17. dxe4 d5 18. Ne5 Bxe5 19. fxe5 Qg7 20. Rxf8+ Rxf8 21. exd5 Bxd5 22. Qe3 Rc8 23. Qxh6 Qxh6 24. Bxh6 Bxa2 25. Ne3 Bd5 26. Ng4 Bc6 27. Nf6+ Kf7 28. Kg1 Nd5 29. Rf1 Ke7 30. Bg5 Nb4 31. Ne4+ Ke8 32. Nd6+ 1-0

[Event "IND-ch U11 Girls 30th"]
[Site "India"]
[Date "2016.06.30"]
[Round "4"]
[White "Ayantika, Das"]
[Black "Sahithi Varshini, M."]
[Result "1-0"]
[WhiteElo "1453"]
[BlackElo "1228"]
[PlyCount "111"]
[EventDate "2016.06.28"]
[EventType "swiss"]
[EventRounds "11"]
[EventCountry "IND"]
[SourceTitle "CBM 173 Extra"]
[Source "ChessBase"]
[SourceDate "2016.08.29"]
[SourceVersion "1"]
[SourceVersionDate "2016.08.29"]
[SourceQuality "1"]

1. e4 c5 2. Nc3 Nc6 3. f4 d6 4. Bb5 Bd7 5. Nf3 g6 6. 0-0 Bg7 7. Kh1 Nf6 8. d3 0-0 9. Bxc6 Bxc6 10. Qe1 Nd7 11. f5 Ne5 12. Qh4 Nxf3 13. Rxf3 Bf6 14. Bg5 Bxg5 15. Qxg5 f6 16. Qh6 g5 17. h4 gxh4 18. Ne2 Rf7 19. Nf4 Qf8 20. Qxh4 Bd7 21. Raf1 Rg7 22. Rh3 Qf7 23. Rff3 Kh8 24. Rfg3 Rag8 25. Ng6+ Rxg6 26. fxg6 Rxg6 27. Rxg6 Qxg6 28. Rg3 Qf7 29. b3 b5 30. c3 a5 31. d4 cxd4 32. cxd4 a4 33. Qh6 axb3 34. axb3 Bc6 35. Qh3 Qf8 36. Qf5 Bb7 37. Rh3 Qg7 38. d5 Qg8 39. Qf4 Bc8 40. Rc3 Qg4 41. Qxg4 Bxg4 42. Rc7 e6 43. dxe6 Bxe6 44. b4 d5 45. Rc5 dxe4 46. Rxb5 Kg7 47. Rc5 f5 48. b5 e3 49. Kg1 f4 50. b6 h5 51. b7 h4 52. b8Q h3 53. Qe5+ Kf7 54. Rc7+ Bd7 55. Rxd7+ Kg8 56. Qg7# 1-0